| 000 | 00796nam a2200217 a 4500 | ||
|---|---|---|---|
| 001 | 78109 | ||
| 003 | BD-RjUL | ||
| 005 | 20211209083105.0 | ||
| 008 | 210322s2021 bg ||||| |||| 00| 0 ben d | ||
| 035 | _a(BD-RjUL)78335 | ||
| 040 |
_aBD-RjUL _beng _cBD-RjUL |
||
| 041 | _aben | ||
| 082 |
_223 _a892.71 _bBEI 2021 |
||
| 100 |
_aহুসাইন, মহা. বেলাল _9246383 |
||
| 245 | 1 | 0 |
_aইমরু'উল কায়স ও তাঁর মু'আল্লাকাহ / _cমহা. বেলাল হুসাইন |
| 260 |
_aরাজশাহী : _bহামিদা পাবলিকেশন, _c২০২১ |
||
| 300 |
_a৬৮ পৃ.; _c২১ সেমি. |
||
| 650 |
_aআরবী কবিতা _9246384 |
||
| 650 |
_aArabic poetry _9246385 |
||
| 942 |
_2ddc _cBK |
||
| 999 |
_c78109 _d78109 |
||